000 00836nam a2200265Ia 4500
003 OSt
005 20220930072812.0
006 a|||||r|||| 00| 0
007 ta
008 220926b |||||||| |||| 00| 0 eng d
024 _a25337
037 _cTheses
040 _aCRL
_cCRL
_beng
041 _2eng
_aeng
100 _aGupta Sanjay Kumar
_9417389
110 _aUniversity of Delhi. Faculty of Medical Sciences. Department of Surgery
245 0 _aRole of water soluble contrast radiology in small intestinaol obstruction
260 _c1998
300 _a83p.
_ap.
_ccm.
650 _aSURGERY
700 _a Dr M P Arora Supervisor
_9530036
700 _aUniversity of Delhi. Faculty of Medical Sciences. Department of Surgery
942 _cDIS
_2CC
999 _c864335
_d864335